Histoire de la vie des ouvrages et des doctrines de Luther / (Record no. 27642)

MARC details
000 -LEADER
campo de control de longitud fija 00556nam a2200181 i 4500
001 - NÚMERO DE CONTROL
campo de control 27642
003 - IDENTIFICADOR DE NÚMERO DE CONTROL
campo de control ES-MaACL
005 - FECHA Y HORA DE LA ÚLTIMA TRANSACCIÓN
campo de control 20230906153654.0
007 - CAMPO FIJO DE DESCRIPCIÓN FÍSICA--INFORMACIÓN GENERAL
campo de control de longitud fija t|
008 - DATOS DE LONGITUD FIJA--INFORMACIÓN GENERAL
campo de control de longitud fija 030115s1856 fr ||||1| fre d
100 1# - ENTRADA PRINCIPAL--NOMBRE DE PERSONA
Nombre de persona Audin, Jean-Marie-Vincent.
9 (RLIN) 23850
245 10 - MENCIÓN DEL TÍTULO
Título Histoire de la vie des ouvrages et des doctrines de Luther /
Mención de responsabilidad, etc. par Jean-Marie-Vincent Audin.
250 ## - MENCION DE EDICION
Mención de edición 7e éd. rev. et corr.
260 ## - PUBLICACIÓN, DISTRIBUCIÓN, ETC.
Lugar de publicación, distribución, etc. Paris :
Nombre del editor, distribuidor, etc. L. Maison,
Fecha de publicación, distribución, etc. 1856 (
Fabricante Simon Raçon)
300 ## - DESCRIPCIÓN FÍSICA
Extensión 3 v. ;
Dimensiones 17 cm.
600 14 - PUNTO DE ACCESO ADICIONAL DE MATERIA--NOMBRE DE PERSONA
Nombre de persona Luther, Martin.
9 (RLIN) 74872
852 ## - LOCALIZACIÓN
Ubicación ES-MaACL
Número de control de estantería D-1539-41
Holdings
Estatus retirado Estado de pérdida Estado de daño No para préstamo Colección Biblioteca de origen Biblioteca actual Ubicación en estantería Fecha de adquisición Fuente de adquisición Total de préstamos Signatura topográfica completa Código de barras Visto por última vez Precio de reemplazo Tipo de ítem Koha
        Libros del s. XIX Biblioteca del Ateneo de Madrid Biblioteca del Ateneo de Madrid Sala Valle Inclán 17/01/2008     D-1539-41 901028543 23/02/2023 23/02/2023 Libro impreso antiguo